Every current NBA player - Statistics

General Stats
  • This quiz has been taken 25 times
  • The average score is 9 of 123
Answer Stats
Hint Answer % Correct
11 Trae Young
75%
0 Jayson Tatum
55%
0 Coby White
40%
9 Derrick White
40%
7 Jaylen Brown
40%
8 Kristaps Porzingis
40%
15 Clint Capela
35%
1 LaMelo Ball
35%
2 Lonzo Ball
35%
42 Al Horford
30%
4 Jrue Holiday
30%
11 Payton Pritchard
25%
2 Cameron Johnson
20%
3 Josh Giddey
20%
31 Klay Thompson
20%
11 Kyrie Irving
20%
3 Anthony Davis
15%
10 Darius Garland
15%
45 Donovan Mitchell
15%
5 Dyson Daniels
15%
9 Nikola Vucevic
15%
30 Seth Curry
15%
13 Tristan Thompson
15%
10 Zaccharie Risacher
15%
1 D'Angelo Russell
10%
4 Evan Mobley
10%
2 Grant Williams
10%
1 Jalen Johnson
10%
7 Jalen Smith
10%
31 Jarrett Allen
10%
40 Luke Kornet
10%
0 Miles Bridges
10%
33 Nic Claxton
10%
17 Onyeka Okongwu
10%
44 Patrick Williams
10%
25 PJ Washington
10%
30 Sam Hauser
10%
55 Baylor Scheierman
5%
10 (TW) Brandon Williams
5%
16 Caleb Martin
5%
24 Cam Thomas
5%
0 Dariq Whitehead
5%
12 De'Andre Hunter
5%
2 Dereck Lively II
5%
13 (TW) Drew Peterson
5%
7 Dwight Powell
5%
24 Garrison Matthews
5%
20 Georges Niang
5%
20 (TW) JD Davidson
5%
27 Jordan Walsh
5%
45 Keon Johnson
5%
20 (TW) Kessler Edwards
5%
22 Larry Nance Jr
5%
44 (TW) Miles Norris
5%
13 Naji Marshall
5%
88 Neemias Queta
5%
26 Spencer Dinwiddie
5%
12 Torrey Craig
5%
9 Trendon Watford
5%
2 Ty Jerome
5%
26 Xavier Tillman Sr
5%
12 Zach Collins
5%
11 Ayo Dosunmu
0%
24 Brandon Miller
0%
3 Caris LeVert
0%
9 Craig Porter Jr
0%
29 (TW) Daegwon Plowden
0%
25 Dalen Terry
0%
7 (TW) Damion Baugh
0%
21 Daniel Gafford
0%
0 Dante Exum
0%
3 DaQuan Jeffries
0%
20 Day'Ron Sharpe
0%
14 De'Anthony Melton
0%
32 Dean Wade
0%
0 Dominick Barlow
0%
26 Drew Timme
0%
32 (TW) EJ Liddell
0%
20 (TW) Emanuel Miller
0%
21 (TW) Emoni Bates
0%
35 Isaac Okoro
0%
00 (TW) Jacob Toppin
0%
1 Jaden Hardy
0%
17 (TW) Jahmir Young
0%
22 Jalen Wilson
0%
8 Javonte Green
0%
24 Jaylon Tyson
0%
5 Jevon Carter
0%
10 Josh Green
0%
12 Josh Okogie
0%
15 Julian Phillips
0%
11 Jusuf Nurkic
0%
23 Kai Jones (TW)
0%
2 (TW) Keaton Wallace
0%
13 Kevin Heurter
0%
25 (TW) KJ Simpson
0%
4 Kobe Bufkin
0%
33 (TW) Luke Travers
0%
5 Mark Williams
0%
14 Matas Buzelis
0%
00 Max Christie
0%
1 Max Strus
0%
27 Maxwell Lewis
0%
18 Mouhamed Gueye
0%
14 Moussa Diabete
0%
30 (TW) Nae'Qwan Tomlin
0%
8 Nick Smith Jr
0%
21 Noah Clowney
0%
8 Olivier-Maxence Prosper
0%
4 (TW) Reece Beekman
0%
5 Sam Merrill
0%
67 Taj Gibson
0%
22 Talen Horton-Tucker
0%
14 Terance Mann
0%
31 Tidjane Salaun
0%
12 (TW) Tosan Evbuomwam
0%
30 Tre Jones
0%
23 Tre Mann
0%
13 Tyrese Martin
0%
10 (TW) Tyson Etienne
0%
27 Vit Krejci
0%
9 (TW) Wendell Moore Jr
0%
1 & 8 Ziaire Williams
0%
No matching quizzes found
Score Distribution
Percent of People with Each Score
Percentile by Number Answered
Your Score History
You have not taken this quiz